| 000 | 00770nam a2200229 i 4500 | ||
|---|---|---|---|
| 001 | 187324 | ||
| 003 | SpMaBN | ||
| 005 | 20250804072419.0 | ||
| 008 | 170602s1979 sp |||| | spa d | ||
| 020 | _a84-206-1712-1 | ||
| 080 | _a821.134.2-14"19" | ||
| 100 | 1 |
_aAlonso, Dámaso, _d1898-1990 _920195 |
|
| 245 | 1 | 0 |
_aAntología poética / _cDámaso Alonso ; selección y prólogo de Philip W. Silver. |
| 260 |
_aMadrid : _bAlianza Editorial, _c[1979] |
||
| 300 |
_a167 p. ; _c18 cm. |
||
| 490 | 1 |
_aEl libro de bolsillo. _aLiteratura ; _v712 |
|
| 504 | _aBibliografía: p. 23-24. | ||
| 700 | 1 |
_aSilver, Philip, _d1932-2020 _9145350 |
|
| 830 | 0 | 3 |
_aEl libro de bolsillo. _pLiteratura _v712 _9180913 |
| 852 |
_aES-MaACL _jL-31672 |
||
| 999 |
_c187324 _d187324 |
||